000 00325 a2200157 4500
001 61085
020 _a8532256260
040 _cAnchieta - Pituba
100 _aGoes, Ana
240 1 0 _aIn @ction 8
_lpor
245 1 0 _aIn @ction 8
300 _a143/47
362 0 _a2005
650 4 _aInglês e inglês antigo
942 _cBK
999 _c61085
_d61085